00449 2200169 4500001002100000008004100021035002000062245004800082100001500130260004200145300002000187020002200207084001400229082000800243650001700251990001100268INLIS000000000001204 Ind  a0010-0226001204 aLagu dan permainancM. Sumanta, S.Pd.I, dkk aSumanta, M aJakarta :bEsensi Erlangga Grupc2017 a87 hlm.c21 cm. a978-602-6847-30-0 a600 SUM l a600 aIlmu Terapan aP/3791